Central Library OPAC University of Rajshahi

Inquiry & expression : (Record no. 22630)

MARC details
000 -LEADER
fixed length control field 00780mam a2200265 4500
001 - CONTROL NUMBER
control field 22630
003 - CONTROL NUMBER IDENTIFIER
rucl marc code BD-RjUL
005 - DATE AND TIME OF LATEST TRANSACTION
control field 20211209000830.0
008 - FIXED-LENGTH DATA ELEMENTS--GENERAL INFORMATION
fixed length control field 140309s19581963nyu 001 0 eng
035 ## - SYSTEM CONTROL NUMBER
System control number (OCoLC)ocm02132968
System control number (BD-RjUL)22695
System control number (NNC)1965648
040 ## - CATALOGING SOURCE
Original cataloging agency DLC
Transcribing agency AZU
Language of cataloging eng
Modifying agency BD-RjUL
041 ## - LANGUAGE CODE
Language code of text/sound track or separate title eng
082 00 - DEWEY DECIMAL CLASSIFICATION NUMBER
Classification number 808
Author mark and year MAI 1963
100 1# - MAIN ENTRY--PERSONAL NAME
Personal name Martin, Harold C.,
9 (RLIN) 69853
245 10 - TITLE STATEMENT
Title Inquiry & expression :
Remainder of title a college reader /
Statement of responsibility, etc. [by] Harold C. Martin & Richard M. Ohmann.
260 ## - PUBLICATION, DISTRIBUTION, ETC. (IMPRINT)
Place of publication, distribution, etc. New York :
Name of publisher, distributor, etc. Rinehart,
Date of publication, distribution, etc. c1963.
300 ## - PHYSICAL DESCRIPTION
Pagination XV,812 p. ;
Size 24 cm.
650 #0 - SUBJECT ADDED ENTRY--TOPICAL TERM
Topical term or geographic name as entry element Literature.
9 (RLIN) 69854
700 1# - ADDED ENTRY--PERSONAL NAME
Personal name Ohmann, Richard M.
Fuller form of name (Richard Malin),
Dates associated with a name 1931-,
Relator term editor.
942 ## - ADDED ENTRY ELEMENTS (KOHA)
Source of classification or shelving scheme Dewey Decimal Classification
Koha item type Books
Holdings
Lost status Source of classification or shelving scheme Damaged status Not for loan Permanent Location Current Location Shelving location Date acquired Source of acquisition Total Checkouts Full call number Date last seen Copy number Koha item type
  Dewey Decimal Classification   Added to bundle Central Library, University of Rajshahi Central Library, University of Rajshahi Reading Room 10/06/1965 Peace corpation America Gift   808 MAI 1963 09/03/2014 C-1 Books